Organosulfur Chemistry I

Organosulfur Chemistry has enjoyed a renaissance of interest over the last few years, fuelled by its impact in the areas of heterocyclic and radical chemistry, and particularly stereocontrolled processes including asymmetric synthesis. One result of this resurgence of interest in the field is a rapi...

Full description

Bibliographic Details
Corporate Author: SpringerLink (Online service)
Other Authors: Page, Philip C.B (Editor, http://id.loc.gov/vocabulary/relators/edt)
Format: Electronic eBook
Language:English
Published: Berlin, Heidelberg : Springer Berlin Heidelberg : Imprint: Springer, 1999.
Edition:1st ed. 1999.
Series:Topics in Current Chemistry, 204
Subjects:
Online Access:Full Text via HEAL-Link
LEADER 02456nam a2200505 4500
001 978-3-540-48956-6
003 DE-He213
005 20191026132342.0
007 cr nn 008mamaa
008 121227s1999 gw | s |||| 0|eng d
020 |a 9783540489566  |9 978-3-540-48956-6 
024 7 |a 10.1007/3-540-48956-8  |2 doi 
040 |d GrThAP 
050 4 |a QD415-436 
072 7 |a PNN  |2 bicssc 
072 7 |a SCI013040  |2 bisacsh 
072 7 |a PNN  |2 thema 
082 0 4 |a 547  |2 23 
245 1 0 |a Organosulfur Chemistry I  |h [electronic resource] /  |c edited by Philip C.B. Page. 
250 |a 1st ed. 1999. 
264 1 |a Berlin, Heidelberg :  |b Springer Berlin Heidelberg :  |b Imprint: Springer,  |c 1999. 
300 |a X, 184 p. 2 illus.  |b online resource. 
336 |a text  |b txt  |2 rdacontent 
337 |a computer  |b c  |2 rdamedia 
338 |a online resource  |b cr  |2 rdacarrier 
347 |a text file  |b PDF  |2 rda 
490 1 |a Topics in Current Chemistry,  |x 0340-1022 ;  |v 204 
520 |a Organosulfur Chemistry has enjoyed a renaissance of interest over the last few years, fuelled by its impact in the areas of heterocyclic and radical chemistry, and particularly stereocontrolled processes including asymmetric synthesis. One result of this resurgence of interest in the field is a rapidly escalating number of related publications. This volume is intended to provide coverage of some of the highlights of contemporary organosulfur chemistry chosen from the entire range of current activity. 
650 0 |a Organic chemistry. 
650 0 |a Inorganic chemistry. 
650 0 |a Biochemistry. 
650 1 4 |a Organic Chemistry.  |0 http://scigraph.springernature.com/things/product-market-codes/C19007 
650 2 4 |a Inorganic Chemistry.  |0 http://scigraph.springernature.com/things/product-market-codes/C16008 
650 2 4 |a Biochemistry, general.  |0 http://scigraph.springernature.com/things/product-market-codes/L14005 
700 1 |a Page, Philip C.B.  |e editor.  |4 edt  |4 http://id.loc.gov/vocabulary/relators/edt 
710 2 |a SpringerLink (Online service) 
773 0 |t Springer eBooks 
776 0 8 |i Printed edition:  |z 9783662147474 
776 0 8 |i Printed edition:  |z 9783662147467 
776 0 8 |i Printed edition:  |z 9783540657873 
830 0 |a Topics in Current Chemistry,  |x 0340-1022 ;  |v 204 
856 4 0 |u https://doi.org/10.1007/3-540-48956-8  |z Full Text via HEAL-Link 
912 |a ZDB-2-CMS 
912 |a ZDB-2-BAE 
950 |a Chemistry and Materials Science (Springer-11644)